[Event "Oskarja Memorial 10th"]
[Site "Chess.com INT"]
[Date "2021.01.16"]
[Round "9"]
[White "Sivcevic, Nusret"]
[Black "Buljic, Semir"]
[Result "0-1"]
[WhiteElo "1792"]
[BlackElo "1703"]
[PlyCount "54"]
[EventDate "2021.01.16"]
[EventType "swiss (blitz)"]
[EventRounds "15"]
[EventCountry "SLO"]
[SourceTitle "CBM 200 Extra"]
[Source "ChessBase"]
[SourceDate "2021.03.31"]
[SourceVersion "1"]
[SourceVersionDate "2021.03.31"]
[SourceQuality "1"]

1. f4 f5 2. Nf3 e6 3. c3 b6 4. Qc2 Bb7 5. Ng5 h6 6. Nh3 g6 7. d3 Bg7 8. e4 Nc6 9. Nf2 Qe7 10. Be3 e5 11. exf5 gxf5 12. Qe2 0-0-0 13. Nd2 d5 14. Nh3 Nf6 15. 0-0-0 Ng4 16. Nf2 Nxe3 17. Qxe3 d4 18. cxd4 Nxd4 19. Nc4 Rhe8 20. Re1 e4 21. dxe4 fxe4 22. g3 Qb4 23. Rg1 Nf3 24. Bh3+ Kb8 25. Rd1 Qxc4+ 26. Kb1 Nxg1 27. Rxg1 Bd4 0-1

[Event "Ljubljana-chT 73rd"]
[Site "Ljubljana"]
[Date "2020.03.05"]
[Round "6.4"]
[White "Kovacic, Bojan"]
[Black "Sivcevic, Nusret"]
[Result "1/2-1/2"]
[WhiteElo "1513"]
[BlackElo "1806"]
[PlyCount "61"]
[EventDate "2020.01.16"]
[EventType "team-swiss"]
[EventRounds "6"]
[EventCountry "SLO"]
[SourceTitle "EXT 2024"]
[Source "ChessBase"]
[SourceDate "2023.10.10"]
[SourceVersion "1"]
[SourceVersionDate "2023.10.10"]
[SourceQuality "1"]
[WhiteTeam "Menges Trzin"]
[BlackTeam "Klinicni Center"]
[WhiteTeamCountry "SLO"]
[BlackTeamCountry "SLO"]

1. e4 e5 2. Bc4 Nf6 3. d3 Bc5 4. a3 d6 5. h3 Qe7 6. Bg5 h6 7. Bxf6 gxf6 8. Qf3 Nc6 9. Ne2 Be6 10. Bb5 a6 11. Bxc6+ bxc6 12. 0-0 Rg8 13. Ng3 Rg6 14. b4 Ba7 15. c3 0-0-0 16. a4 Rdg8 17. Kh2 f5 18. exf5 Bxf5 19. Qe2 Rg5 20. Rg1 Rxg3 21. fxg3 Bxg1+ 22. Kxg1 Rxg3 23. Kf1 Qg5 24. Nd2 f6 25. Ne4 Bxe4 26. Qxe4 Qf4+ 27. Qxf4 exf4 28. Rd1 Kd7 29. Kf2 h5 30. c4 h4 31. Rd2 1/2-1/2

[Event "SLO-chT Central 20th"]
[Site "Slovenia"]
[Date "2019.10.03"]
[Round "4.1"]
[White "Pirnat, Saso"]
[Black "Sivcevic, Nusret"]
[Result "1-0"]
[WhiteElo "2198"]
[BlackElo "1748"]
[PlyCount "79"]
[EventDate "2019.09.12"]
[EventType "team-tourn"]
[EventRounds "7"]
[EventCountry "SLO"]
[SourceTitle "EXT 2024"]
[Source "ChessBase"]
[SourceDate "2023.10.10"]
[SourceVersion "1"]
[SourceVersionDate "2023.10.10"]
[SourceQuality "1"]
[WhiteTeam "Visnja Gora Sticna"]
[BlackTeam "Klinicni Center"]
[WhiteTeamCountry "SLO"]
[BlackTeamCountry "SLO"]

1. d4 f5 2. e4 e6 3. Nc3 Bb4 4. exf5 exf5 5. Nf3 Nf6 6. Qe2+ Qe7 7. Qxe7+ Kxe7 8. Bd3 d5 9. 0-0 Bxc3 10. bxc3 Nc6 11. Re1+ Kf7 12. c4 Re8 13. Rxe8 Kxe8 14. Ba3 Be6 15. Re1 Kd7 16. cxd5 Nxd5 17. c4 Ndb4 18. Bb1 Bxc4 19. Bxb4 Nxb4 20. Ne5+ Kd6 21. Nxc4+ Kd5 22. Ne3+ Kxd4 23. Nxf5+ Kc3 24. a3 g6 25. axb4 gxf5 26. Bxf5 a5 27. bxa5 Rxa5 28. Bxh7 c5 29. g4 c4 30. h4 Kd2 31. Kf1 b5 32. g5 b4 33. g6 Ra7 34. h5 c3 35. Re2+ Kd1 36. h6 b3 37. g7 Ra8 38. g8Q Rxg8 39. Bxg8 b2 40. Bb3+ 1-0

[Event "SLO-chT2 West"]
[Site "Komenda"]
[Date "2018.11.11"]
[Round "3.4"]
[White "Sivcevic, Nusret"]
[Black "Krupenko, Peter"]
[Result "1-0"]
[WhiteElo "1748"]
[BlackElo "1764"]
[PlyCount "63"]
[EventDate "2018.11.10"]
[EventType "team-tourn"]
[EventRounds "7"]
[EventCountry "SLO"]
[SourceTitle "EXT 2020"]
[Source "ChessBase"]
[SourceDate "2019.10.17"]
[SourceVersion "1"]
[SourceVersionDate "2019.10.17"]
[SourceQuality "1"]
[WhiteTeam "Ljubljana SK II"]
[BlackTeam "Trzin"]
[WhiteTeamCountry "SLO"]
[BlackTeamCountry "SLO"]

1. f4 d5 2. Nf3 Nf6 3. c3 e6 4. g3 Be7 5. Qc2 0-0 6. d3 b6 7. e4 dxe4 8. dxe4 Ba6 9. Be3 Bxf1 10. Rxf1 Nbd7 11. Nbd2 Ng4 12. Bg1 Bc5 13. h3 Ngf6 14. g4 Bxg1 15. Rxg1 Nc5 16. Ne5 Nfd7 17. Nef3 Nf6 18. Ke2 Qc8 19. b4 Qa6+ 20. c4 Qa4 21. Qb1 Nb7 22. e5 Nd7 23. Qe4 Rab8 24. Ng5 g6 25. a3 Nd8 26. Qd3 a5 27. Nde4 axb4 28. axb4 Qxb4 29. Rgb1 Qe7 30. Qxd7 Re8 31. Nf6+ Kh8 32. Qxe8+ 1-0

[Event "SLO-chT2 West"]
[Site "Komenda"]
[Date "2018.11.10"]
[Round "1.4"]
[White "Sivcevic, Nusret"]
[Black "Cimperman, Teo"]
[Result "1-0"]
[WhiteElo "1748"]
[BlackElo "1293"]
[PlyCount "117"]
[EventDate "2018.11.10"]
[EventType "team-tourn"]
[EventRounds "7"]
[EventCountry "SLO"]
[SourceTitle "EXT 2020"]
[Source "ChessBase"]
[SourceDate "2019.10.17"]
[SourceVersion "1"]
[SourceVersionDate "2019.10.17"]
[SourceQuality "1"]
[WhiteTeam "Ljubljana SK II"]
[BlackTeam "Komenda SK II"]
[WhiteTeamCountry "SLO"]
[BlackTeamCountry "SLO"]

1. f4 d5 2. Nf3 Nf6 3. c3 e6 4. Qc2 c5 5. d3 Nc6 6. e4 Be7 7. Be3 b6 8. Nbd2 0-0 9. g3 Bb7 10. h4 h6 11. h5 Rc8 12. Be2 d4 13. Bg1 Qd7 14. c4 Nb4 15. Qb1 Ng4 16. a3 Nc6 17. Nxd4 Nxd4 18. Bxg4 f5 19. Bh3 Rcd8 20. Rh2 Qa4 21. b3 Qa5 22. Kf1 Qc3 23. Ra2 Rf6 24. Bg2 Rf7 25. Be3 Nc6 26. Ke2 Nd4+ 27. Bxd4 Rxd4 28. Qc2 Qxc2 29. Rxc2 fxe4 30. dxe4 Rf8 31. Ke3 Rfd8 32. Bf1 e5 33. Rc3 exf4+ 34. gxf4 Re8 35. Rd3 Rxd3+ 36. Bxd3 Bd6 37. Rg2 Kf7 38. e5 Kf8 39. Rg6 Bxe5 40. fxe5 Rxe5+ 41. Kf4 Rxh5 42. Ne4 Rh4+ 43. Ke3 Bxe4 44. Bxe4 Kf7 45. Rc6 Rh3+ 46. Bf3 g5 47. Kf2 Rh2+ 48. Bg2 h5 49. Kg3 Rh4 50. Rc7+ Kf6 51. Rxa7 Rg4+ 52. Kf3 Kf5 53. Bh3 Ke5 54. Bxg4 hxg4+ 55. Kxg4 Kd4 56. Rb7 Kc3 57. Rxb6 Kb2 58. a4 Ka3 59. a5 1-0

[Event "SLO-chT1 Central 19th"]
[Site "Slovenia"]
[Date "2018.10.11"]
[Round "5.1"]
[White "Cimperman, Teo"]
[Black "Sivcevic, Nusret"]
[Result "0-1"]
[WhiteElo "1293"]
[BlackElo "1748"]
[PlyCount "64"]
[EventDate "2018.09.13"]
[EventType "team-tourn"]
[EventRounds "9"]
[EventCountry "SLO"]
[SourceTitle "EXT 2021"]
[Source "ChessBase"]
[SourceDate "2020.10.23"]
[SourceVersion "1"]
[SourceVersionDate "2020.10.23"]
[SourceQuality "1"]
[WhiteTeam "Komenda Pogi"]
[BlackTeam "Ljubljana SK"]
[WhiteTeamCountry "SLO"]
[BlackTeamCountry "SLO"]

1. e4 e5 2. Nf3 Nc6 3. Bc4 Bc5 4. Nc3 d6 5. h3 Be6 6. Bb3 Qf6 7. d3 h6 8. Be3 Nge7 9. Qd2 Bb4 10. 0-0-0 Nd4 11. a3 Ba5 12. Bxe6 fxe6 13. b4 Nxf3 14. gxf3 Bb6 15. Qe2 Rf8 16. Rdg1 g5 17. Rg3 Ng6 18. Kb2 Nh4 19. Bxb6 axb6 20. Nb5 Kd7 21. Rc1 Nxf3 22. c3 Qf4 23. Rc2 c6 24. Nxd6 Kxd6 25. d4 Kc7 26. dxe5 Nxe5 27. c4 Rad8 28. c5 b5 29. a4 Rd4 30. axb5 Rxb4+ 31. Ka3 Rxb5 32. Qd1 Ra8# 0-1

[Event "SLO-ch 28th"]
[Site "Ljubljana"]
[Date "2018.04.28"]
[Round "3"]
[White "Suta, Andraz"]
[Black "Sivcevic, Nusret"]
[Result "1-0"]
[WhiteElo "2212"]
[BlackElo "1796"]
[PlyCount "61"]
[EventDate "2018.04.27"]
[EventType "swiss"]
[EventRounds "9"]
[EventCountry "SLO"]
[SourceTitle "CBM 184 Extra"]
[Source "ChessBase"]
[SourceDate "2018.06.28"]
[SourceVersion "1"]
[SourceVersionDate "2018.06.28"]
[SourceQuality "1"]

1. e4 e6 2. d4 b6 3. Bd3 Bb7 4. f4 Qh4+ 5. g3 Qd8 6. Nf3 h5 7. Qe2 c5 8. d5 exd5 9. exd5+ Qe7 10. c4 Qxe2+ 11. Bxe2 Be7 12. Nc3 d6 13. b3 a6 14. Bb2 Bf6 15. 0-0-0 Ne7 16. Rhe1 Kf8 17. Bf1 Bc8 18. Bg2 h4 19. Ne4 Bxb2+ 20. Kxb2 hxg3 21. hxg3 Bd7 22. Nxd6 b5 23. Rh1 Rh6 24. Rxh6 gxh6 25. Rh1 Kg7 26. Re1 Nf5 27. Nxf5+ Bxf5 28. Re8 bxc4 29. bxc4 f6 30. Nh4 Kf7 31. Rh8 1-0

[Event "Ljubljana-chT 71st 1st League"]
[Site "Ljubljana"]
[Date "2018.01.25"]
[Round "3.1"]
[White "Siraj, Anej"]
[Black "Sivcevic, Nusret"]
[Result "1-0"]
[WhiteElo "1956"]
[BlackElo "1773"]
[PlyCount "101"]
[EventDate "2018.01.11"]
[EventType "team-tourn"]
[EventRounds "9"]
[EventCountry "SLO"]
[SourceTitle "EXT 2024"]
[Source "ChessBase"]
[SourceDate "2023.10.10"]
[SourceVersion "1"]
[SourceVersionDate "2023.10.10"]
[SourceQuality "1"]
[WhiteTeam "Vrhnika"]
[BlackTeam "Klinicni Center"]
[WhiteTeamCountry "SLO"]
[BlackTeamCountry "SLO"]

1. d4 f5 2. Nf3 Nf6 3. c4 e6 4. g3 Bb4+ 5. Nc3 0-0 6. Bg2 Qe8 7. 0-0 Bxc3 8. bxc3 d6 9. Qb3 Nbd7 10. Ba3 Ne4 11. Rad1 b6 12. Ng5 Bb7 13. c5 Nxg5 14. Bxb7 Rb8 15. Bc6 bxc5 16. Qa4 Rf7 17. dxc5 d5 18. c4 Qc8 19. cxd5 e5 20. d6 Nf6 21. d7 Qd8 22. Qxa7 Ne6 23. e3 f4 24. Rb1 Rf8 25. Rxb8 Qxb8 26. Qxb8 Rxb8 27. Rd1 Kf7 28. gxf4 exf4 29. exf4 Nd8 30. Bg2 c6 31. Bh3 Ra8 32. Rd3 Ra4 33. Re3 Rd4 34. Bb2 Rd1+ 35. Kg2 Nd5 36. Re8 Nxf4+ 37. Kg3 Nfe6 38. Bxe6+ Nxe6 39. Rc8 Rxd7 40. Rxc6 Rd5 41. Kf3 Nxc5 42. Rc7+ Nd7 43. Ke4 Rd1 44. Bd4 Ke6 45. Rc6+ Ke7 46. a4 Rh1 47. a5 Rxh2 48. a6 Nf6+ 49. Rxf6 gxf6 50. a7 f5+ 51. Ke5 1-0

[Event "SLO-chT3 West"]
[Site "Komenda"]
[Date "2017.12.09"]
[Round "3.1"]
[White "Sivcevic, Nusret"]
[Black "Siraj, Anej"]
[Result "0-1"]
[WhiteElo "1811"]
[BlackElo "1915"]
[PlyCount "104"]
[EventDate "2017.12.08"]
[EventType "team-swiss"]
[EventRounds "5"]
[EventCountry "SLO"]
[SourceTitle "EXT 2019"]
[Source "ChessBase"]
[SourceDate "2018.10.10"]
[SourceVersion "1"]
[SourceVersionDate "2018.10.10"]
[SourceQuality "1"]
[WhiteTeam "Ljubljana Duol III"]
[BlackTeam "Vrhnika II"]
[WhiteTeamCountry "SLO"]
[BlackTeamCountry "SLO"]

1. f4 d5 2. Nf3 c5 3. g3 g6 4. Bg2 Bg7 5. 0-0 Qb6 6. c3 Nf6 7. d4 0-0 8. Qb3 c4 9. Qxb6 axb6 10. Na3 Na6 11. Nc2 Bf5 12. Ne3 Be4 13. g4 b5 14. Ne5 Bxg2 15. Kxg2 e6 16. b4 Nb8 17. Bb2 Ne4 18. f5 Bxe5 19. dxe5 Nc6 20. fxe6 fxe6 21. Nc2 Nxe5 22. h3 Nc6 23. Rf3 h6 24. Na3 Rxf3 25. exf3 Nxc3 26. Kf2 Na4 27. Bc1 Nxb4 28. Nxb5 Nd3+ 29. Ke3 Nxc1 30. Rxc1 Nc5 31. Rc2 e5 32. Kd2 Kf7 33. Rb2 Nd3 34. Nc7 Nxb2 35. Nxa8 Na4 36. Nc7 d4 37. Nb5 Ke6 38. f4 Nc3 39. Na3 b5 40. Nc2 Nxa2 41. Ne1 exf4 42. h4 Ke5 43. Kc2 Ke4 44. Kb2 f3 45. g5 hxg5 46. hxg5 f2 47. Nc2 f1Q 48. Kxa2 Qe2 49. Ka1 Kd3 50. Nb4+ Kc3 51. Na2+ Qxa2+ 52. Kxa2 d3 0-1

[Event "SLO-chT Central 18th"]
[Site "Slovenia"]
[Date "2017.10.19"]
[Round "6.2"]
[White "Pirnat, Saso"]
[Black "Sivcevic, Nusret"]
[Result "1-0"]
[WhiteElo "2187"]
[BlackElo "1817"]
[PlyCount "41"]
[EventDate "2017.09.14"]
[EventType "team-tourn"]
[EventRounds "7"]
[EventCountry "SLO"]
[SourceTitle "EXT 2019"]
[Source "ChessBase"]
[SourceDate "2018.10.10"]
[SourceVersion "1"]
[SourceVersionDate "2018.10.10"]
[SourceQuality "1"]
[WhiteTeam "Visnja Gora Sticna"]
[BlackTeam "Klinicni Center"]
[WhiteTeamCountry "SLO"]
[BlackTeamCountry "SLO"]

1. d4 Nf6 2. Nc3 e6 3. e4 Bb4 4. e5 Nd5 5. Qg4 g6 6. Bg5 Be7 7. Bd2 Nb6 8. Nf3 d5 9. Bd3 a6 10. h4 Nc4 11. Bc1 Nc6 12. h5 Rg8 13. hxg6 hxg6 14. Rh7 g5 15. Qh5 Rf8 16. Nxg5 Bxg5 17. Bxg5 Qd7 18. Rh8 Ne7 19. Rxf8+ Kxf8 20. Qh8+ Ng8 21. Bh6+ 1-0

[Event "SLO-chT Central Superliga 15th"]
[Site "Slovenia"]
[Date "2014.11.13"]
[Round "9.4"]
[White "Kralj, Samo"]
[Black "Sivcevic, Nusret"]
[Result "1-0"]
[WhiteElo "1982"]
[BlackElo "1843"]
[PlyCount "47"]
[EventDate "2014.09.11"]
[EventType "team-tourn"]
[EventRounds "9"]
[EventCountry "SLO"]
[SourceTitle "EXT 2022"]
[Source "ChessBase"]
[SourceDate "2021.10.06"]
[SourceVersion "1"]
[SourceVersionDate "2021.10.06"]
[SourceQuality "1"]
[WhiteTeam "Komenda Pogi"]
[BlackTeam "Klinicni Center"]
[WhiteTeamCountry "SLO"]
[BlackTeamCountry "SLO"]

1. e4 e6 2. d4 b6 3. c4 Bb7 4. Nc3 Bb4 5. Bd3 Nf6 6. Qc2 c5 7. a3 Ba5 8. Nf3 Qc7 9. 0-0 Bxc3 10. bxc3 d6 11. h3 Nbd7 12. Nh2 Rc8 13. d5 Ne5 14. Be2 a5 15. f4 Ng6 16. Ng4 Ne7 17. Nxf6+ gxf6 18. dxe6 fxe6 19. Bh5+ Kf8 20. f5 Kg7 21. Qd2 h6 22. Rf4 e5 23. Rg4+ Kf8 24. Qxh6+ 1-0

[Event "SLO-chT2 West"]
[Site "Ljubljana"]
[Date "2014.10.18"]
[Round "2.5"]
[White "Bajec, Borut"]
[Black "Sivcevic, Nusret"]
[Result "1/2-1/2"]
[WhiteElo "1804"]
[BlackElo "1843"]
[PlyCount "49"]
[EventDate "2014.10.17"]
[EventType "team-tourn"]
[EventRounds "9"]
[EventCountry "SLO"]
[SourceTitle "EXT 2019"]
[Source "ChessBase"]
[SourceDate "2018.10.10"]
[SourceVersion "1"]
[SourceVersionDate "2018.10.10"]
[SourceQuality "1"]
[WhiteTeam "Trzin"]
[BlackTeam "Ljubljana KC"]
[WhiteTeamCountry "SLO"]
[BlackTeamCountry "SLO"]

1. d4 e6 2. c4 f5 3. Nf3 Nf6 4. Nc3 Bb4 5. Bd2 0-0 6. e3 Qe8 7. Bd3 Bxc3 8. Bxc3 d6 9. Qc2 b6 10. 0-0-0 d5 11. Bb4 c5 12. dxc5 Na6 13. Bc3 Nxc5 14. Bxf6 Nxd3+ 15. Rxd3 Rxf6 16. cxd5 exd5 17. Rc3 Be6 18. Nd4 Rc8 19. Kb1 Rxc3 20. Qxc3 f4 21. Re1 Qg6+ 22. Ka1 Qxg2 23. exf4 Bd7 24. Qe3 Rf8 25. Qg3 1/2-1/2